Новата студена война (Запис номер 78551)
[ съкратено ]
| 000 -Лидер | |
|---|---|
| Контролно поле с фиксирана дължина | 01447nam a2200385 c 4500 |
| 003 - Код на организацията, давaща контролен номер | |
| Контролно поле | BLK |
| 005 - Дата и час на последна редакция | |
| Контролно поле | 20240301142322.0 |
| 008 - Елементи от данни с фиксирана дължина | |
| fixed length control field | 180408b bul|||||r ||||||| ||bul|| |
| 010 ## - Наследен системен номер | |
| LC control number | KNG00083017000 |
| 020 ## - Международен стандартен номер на книга ISBN | |
| Международен стандартен номер на книга ISBN | 978-954-733-555-4 |
| -- | издат.: Прозорец |
| 040 ## - Източник на каталожния запис | |
| Идентификатор на билиотеката - собственик на записа | BLK |
| 041 ## - Код за език | |
| Код за езика на текст/звукозапис или на отделно заглавие | Български |
| Код за езика КДБФ | Български |
| 080 ## - УДК | |
| Текстов определител УДК | Студена война |
| УДК код - определител по УДК | 327.54 |
| УДК определител | (47) |
| УДК - код + определител | 327.54(47) |
| 100 1# - Редна дума - Автор | |
| Автор | Лукас, Едуард |
| Авторска отговорност | първи автор |
| R(LIN) | 298774 |
| 139 ## - Редно поле | |
| Редна дума | Лукас, Едуард |
| Авторски знак | Лук - Л 86 |
| 245 10 - Сведения за заглавието | |
| Заглавие | Новата студена война |
| Редно поле (дума) | Едуард Лукас; прев. от англ. Павел Димитров Талев. |
| 257 ## - Страна на издаване | |
| Страна на създаване/издаване | Великобритания |
| 260 ## - Област на издателските данни | |
| -- | София |
| Име на издателя, разпространителя и проч. | Прозорец |
| Година на издаване | 2008 |
| Печатница | София : Инвестпрес |
| 300 ## - Физическа характеристика | |
| Страници | 368 с. |
| Илюстрации и др. | с к. |
| Размери/Мащаб | 20 см |
| 380 ## - Жанр | |
| Жанр | Обществени науки |
| 490 1# - СЕРИИ (Колекции) | |
| Име на серия | Поредица Хроника |
| 500 ## - Общи забележки | |
| Забележка | Ориг. загл. The New Cold War / Edward Lucas |
| 650 #4 - Допълнително описание по предмет – тема | |
| Основно описание – тема или топоним | Русия - външна политика |
| 9 (RLIN) | 261212 |
| 650 #4 - Допълнително описание по предмет – тема | |
| Основно описание – тема или топоним | Студена война |
| 9 (RLIN) | 278784 |
| 651 #4 - Допълнително описание по предмет - топоним | |
| Географско понятие | Русия |
| 9 (RLIN) | 179465 |
| 653 ## - Ключова дума – ненормативна | |
| Ключова дума | Студена война |
| 653 ## - Ключова дума – ненормативна | |
| Ключова дума | външна политика |
| 700 1# - Други автори (авторска отговорност) | |
| Лично име | Талев, Павел Димитров |
| Автороска отговорност (Описва отношението между автора и произведението) | прев. от англ. |
| 9 (RLIN) | 367880 |
| 852 ## - Местоположение | |
| Форматна сигнатура | Цб 239491 |
| 856 4# - Електронен адрес и достъп | |
| Електронен формат | pdf - файл |
| Път до файла /url/ | |
| 856 4# - Електронен адрес и достъп | |
| Електронен формат | pdf - файл |
| Път до файла /url/ | |
| 942 ## - АРТИКУЛИ | |
| Вид на библиотечния материал | Книги |
| Скрит в OPAC | Не |
| Koha issues (borrowed), all copies | 3 |
| 944 ## - СЪЗДАВАНЕ И РЕДАКЦИЯ на ЗАПИСА | |
| Създаване/Редакция | Създаване |
| Дата на регистрацията/редакция | 08.04.2008 |
| Служител, извършил регистрацията/редакцията | 30538 |
| Статус, дата на статуса | Силвия Димитрова |
| 944 ## - СЪЗДАВАНЕ И РЕДАКЦИЯ на ЗАПИСА | |
| Създаване/Редакция | Редакция |
| Дата на регистрацията/редакция | 11.11.2008 |
| Служител, извършил регистрацията/редакцията | |
| 999 ## - СИСТЕМНИ КОНТРОЛНИ НОМЕРА | |
| Koha biblionumber | 78551 |
| Koha biblioitemnumber | 78551 |
| Код за отписване | Код за изгубен артикул | Код за повреда | Коз за рестрикции | Код за отдаване | Артикулен № | Име на библиотеката - собственик | Име на библиотеката, в която се намира в момента | Статус (Текущо местоположение) | Дата на вписване в системата | Местоположение - отдел | Цена в лева | Инвентарен номер | Систематично азбучна сигнатура | Баркод | Номер на екземпляра | Цена в евро | Служебна бележка | Служебен тип на артикула |
|---|---|---|---|---|---|---|---|---|---|---|---|---|---|---|---|---|---|---|
| Не е изгубен | Не е повреден | без рестрикции | заемане за дома | 127096 | Регионална библиотека "Любен Каравелов" Русе | Регионална библиотека "Любен Каравелов" Русе | Заемна - подръчен фонд | 2008-04-09 | Заемна - подръчен фонд | 15.00 | 120000725342 | П 327.5/Л 86 | 120000725342 | 1 | 7.67 | Дост: Pk Вид: Ф N: 179 Дата: 04.04.2008 Дата инв: 02.02.2018 Бележки инв: П2018 | Книги | |
| Не е изгубен | Не е повреден | без рестрикции | ползва се в читалня | 127097 | Регионална библиотека "Любен Каравелов" Русе | Регионална библиотека "Любен Каравелов" Русе | Хранилище | 2008-11-11 | Хранилище | 15.00 | 120000731266 | Цб 239491 | 120000731266 | 2 | 7.67 | Дост: Dp Вид: Д N: 28 Дата: 25.06.2008 | Книги |